[Event "BL 8283 Delmenhorst-Markth'feld"]
[Site "?"]
[Date "1983.??.??"]
[Round "?.3"]
[White "Oechslein, R."]
[Black "Hermann, Man"]
[Result "1/2-1/2"]
[WhiteElo "2205"]
[BlackElo "2365"]
[PlyCount "139"]
[EventDate "1983.??.??"]

1. e4 e5 2. Nf3 Nc6 3. d4 exd4 4. Bc4 Nf6 5. e5 d5 6. Bb5 Ne4 7. Nxd4 Bd7 8.
Bxc6 bxc6 9. O-O Bc5 10. Be3 O-O 11. f3 Ng5 12. Nd2 Bb6 13. f4 Ne6 14. N2b3 f6
15. exf6 Qxf6 16. Qd2 Rae8 17. c3 Nc5 18. Nxc5 Bxc5 19. Nc2 Bb6 20. Rae1 Bf5
21. Bxb6 cxb6 22. Rxe8 Rxe8 23. Re1 Be4 24. Nd4 h6 25. Ne2 Bg6 26. Rf1 Qe7 27.
Nd4 Qf6 28. Ne2 Bf7 29. Ng3 c5 30. a3 Rd8 31. Rd1 d4 32. Rc1 dxc3 33. Qxc3 Qxc3
34. bxc3 Rd2 35. Nf5 Be6 36. Ne3 Re2 37. f5 Bf7 38. Ng4 Bd5 39. g3 Bf3 40. Nf2
Ra2 41. h4 Rxa3 42. g4 Ra2 43. g5 hxg5 44. hxg5 Kf7 45. c4 Bb7 46. Rd1 Bc8 47.
g6+ Kf6 48. Ne4+ Ke7 49. Nd6 Bd7 50. Rd5 Rc2 51. Ne4 Bc6 52. Re5+ Kf8 53. Kf1
Bxe4 54. Rxe4 Rd2 55. Rh4 Rd4 56. Rh8+ Ke7 57. Rg8 Rf4+ 58. Ke2 Kf6 59. Rf8+
Ke5 60. Rf7 Rxf5 61. Rxg7 Kd4 62. Rxa7 Rg5 63. g7 Kxc4 64. Kf3 b5 65. Re7 b4
66. Re4+ Kc3 67. Rg4 Rxg7 68. Rxg7 b3 69. Ke4 b2 70. Rb7 1/2-1/2

[Event "BL 8283 Enger-Porz"]
[Site "?"]
[Date "1983.??.??"]
[Round "?.1"]
[White "Hort, V."]
[Black "Gruen, G."]
[Result "1-0"]
[WhiteElo "2600"]
[BlackElo "2285"]
[PlyCount "77"]
[EventDate "1983.??.??"]

1. b4 c6 2. c4 d5 3. e3 e5 4. Bb2 Bd6 5. Qb3 Nf6 6. Na3 O-O 7. Be2 a5 8. cxd5
axb4 9. Nc4 Nxd5 10. Nxe5 Na6 11. Ngf3 Nc5 12. Qc2 Be6 13. Nc4 Rxa2 14. Rxa2 b3
15. Qb1 bxa2 16. Qxa2 b5 17. Nxd6 Nf4 18. Qb1 Nxe2 19. Be5 f6 20. Qc2 Nc1 21.
O-O N1d3 22. Bg3 Qd7 23. Ne1 Nxe1 24. Qxc5 Nd3 25. Qd4 Bc4 26. Nxb5 Qxd4 27.
Nxd4 c5 28. Nf5 Rd8 29. Ra1 Be6 30. Nd6 Ne5 31. Nb7 Rxd2 32. Nxc5 Bd5 33. h3
Kf7 34. Ra7+ Kg6 35. Bxe5 fxe5 36. Rd7 Rd1+ 37. Kh2 Bb3 38. Ra7 h6 39. Nxb3 1-0

[Event "BL 8283 Enger-Porz"]
[Site "?"]
[Date "1983.??.??"]
[Round "?.3"]
[White "Marian, R."]
[Black "Kunsztowicz, U."]
[Result "1/2-1/2"]
[WhiteElo "2325"]
[BlackElo "2350"]
[PlyCount "50"]
[EventDate "1983.??.??"]

1. c4 g6 2. g3 Bg7 3. Bg2 d6 4. d4 Nf6 5. Nf3 O-O 6. O-O Nc6 7. Nc3 Rb8 8. h3
a6 9. b3 b5 10. cxb5 axb5 11. Bb2 b4 12. Nb1 Na7 13. Re1 Bb7 14. Nbd2 Nb5 15.
e4 c5 16. dxc5 dxc5 17. Qc2 Nc3 18. e5 Nfd5 19. a4 Ba6 20. Nc4 Qc7 21. h4 Rfd8
22. Bf1 Bc8 23. Bd3 Bg4 24. Nh2 Be6 25. Nf3 Bg4 1/2-1/2

[Event "BL 8283 Enger-Porz"]
[Site "?"]
[Date "1983.??.??"]
[Round "?.4"]
[White "Clemens, C."]
[Black "Schmidt, B."]
[Result "1-0"]
[WhiteElo "2380"]
[BlackElo "2355"]
[PlyCount "102"]
[EventDate "1983.??.??"]

1. g3 Nf6 2. Bg2 d5 3. Nf3 c6 4. b3 Bf5 5. Bb2 e6 6. O-O h6 7. d3 Be7 8. Nbd2
O-O 9. c4 a5 10. a3 Nbd7 11. Qc2 Bh7 12. Bc3 b5 13. cxb5 cxb5 14. Qb2 Qb6 15.
Ne5 Nxe5 16. Bxe5 Rfc8 17. Nf3 Ne8 18. Rac1 b4 19. a4 f6 20. Bd4 Qa6 21. Bh3
Bg6 22. Be3 Bf7 23. Nd4 Rxc1 24. Rxc1 Rc8 25. Rxc8 Qxc8 26. Qc1 Qxc1+ 27. Bxc1
Nc7 28. Nc6 Kf8 29. Be3 Bd6 30. Bb6 Na6 31. d4 Ke8 32. Bxa5 Kd7 33. Na7 Bg6 34.
Bf1 Bc7 35. Bxc7 Nxc7 36. e3 Bc2 37. Bb5+ Nxb5 38. axb5 Kc7 39. Nc6 Bxb3 40.
Nxb4 Kb6 41. Nd3 Kxb5 42. Nc5 e5 43. Nxb3 Kc4 44. dxe5 fxe5 45. Nc1 d4 46. exd4
exd4 47. Kf1 d3 48. Ke1 Kc3 49. Kd1 g5 50. Na2+ Kd4 51. Kd2 Ke4 1-0

[Event "BL 8283 Enger-Porz"]
[Site "?"]
[Date "1983.??.??"]
[Round "?.7"]
[White "Dankert, P."]
[Black "Markmann, U."]
[Result "1/2-1/2"]
[WhiteElo "2380"]
[BlackElo "2225"]
[PlyCount "93"]
[EventDate "1983.??.??"]

1. d4 Nf6 2. c4 e6 3. Nf3 b6 4. a3 d5 5. Nc3 Bb7 6. Bf4 Bd6 7. Bxd6 cxd6 8. e3
O-O 9. cxd5 Nxd5 10. Nxd5 Bxd5 11. Bd3 Nd7 12. Qa4 e5 13. Be2 Qe7 14. O-O Nf6
15. Rfd1 Rac8 16. Rac1 Rc7 17. dxe5 dxe5 18. Qb4 Qxb4 19. axb4 Bxf3 20. Bxf3
Rxc1 21. Rxc1 Rd8 22. Kf1 Kf8 23. Ke1 Ke7 24. Ra1 Rd7 25. Bc6 Rc7 26. b5 Nd7
27. Ke2 Nb8 28. Be4 h6 29. g3 Nd7 30. f4 Nc5 31. Bd5 Nd7 32. Bc6 Nb8 33. Be4
Nd7 34. b4 Ke6 35. Rd1 Ke7 36. Kd3 Ke6 37. Bg2 f5 38. e4 fxe4+ 39. Bxe4 exf4
40. gxf4 Nf6 41. Bc6 Kf5 42. Ke3 Re7+ 43. Kf3 g5 44. fxg5 hxg5 45. Rd4 Rh7 46.
Kg2 Re7 47. Kf3 1/2-1/2

[Event "BL 8283 Enger-Porz"]
[Site "?"]
[Date "1983.??.??"]
[Round "?.8"]
[White "Groenegress, W."]
[Black "Staller, P."]
[Result "1/2-1/2"]
[WhiteElo "2210"]
[BlackElo "2360"]
[PlyCount "95"]
[EventDate "1983.??.??"]

1. e4 c5 2. g3 Nc6 3. Bg2 Nf6 4. f4 e6 5. d3 d5 6. e5 Ng8 7. c3 Nge7 8. Be3 d4
9. Bf2 Nd5 10. Nf3 Be7 11. O-O O-O 12. Qe2 dxc3 13. Nxc3 Rb8 14. Rfd1 Nxc3 15.
bxc3 Qa5 16. Rac1 Bd7 17. d4 cxd4 18. Nxd4 Nxd4 19. Rxd4 Bc6 20. Bxc6 bxc6 21.
Rd7 Bc5 22. Rc2 Rb1+ 23. Kg2 Bxf2 24. Qxf2 c5 25. Qe2 Qa4 26. Rd6 h5 27. Ra6
Qd7 28. Rd6 Qb7+ 29. Kh3 g6 30. Rcd2 Rc1 31. Qd3 c4 32. Qxc4 Qf3 33. Qe2 Qxc3
34. Qd3 Qb4 35. Rd8 Rc8 36. Rxf8+ Rxf8 37. Qd4 Qb1 38. Qd3 Qb7 39. Qb3 Qa6 40.
Qd3 Qb6 41. Qd4 Qa5 42. Qd3 Kg7 43. Qd4 Qa3 44. Qd3 Qa4 45. Qd4 Qc6 46. Qd3 Rc8
47. Qd7 Qc4 48. Qd3 1/2-1/2

[Event "BL 8283 Delmenhorst-Bamberg"]
[Site "?"]
[Date "1983.??.??"]
[Round "?.1"]
[White "Hartmann, Wo"]
[Black "Juhnke, K."]
[Result "1-0"]
[WhiteElo "2275"]
[BlackElo "2320"]
[PlyCount "103"]
[EventDate "1983.??.??"]

1. e4 c5 2. Nf3 d6 3. d4 cxd4 4. Nxd4 Nf6 5. Nc3 a6 6. Be3 e6 7. f4 b5 8. Qf3
Bb7 9. Bd3 Nbd7 10. O-O Rc8 11. Nd1 Nc5 12. Nf2 Be7 13. g4 g6 14. Rae1 h5 15.
h3 hxg4 16. hxg4 d5 17. e5 Nfe4 18. Re2 Bh4 19. Nh1 Be7 20. Rg2 Rc7 21. a3 Bf8
22. g5 Rc8 23. Nf2 Nxf2 24. Rfxf2 Ne4 25. Re2 Bc5 26. Rh2 Rxh2 27. Rxh2 Ke7 28.
Rh7 Qd7 29. c3 Bxd4 30. Bxd4 Qc6 31. Qh3 Rg8 32. Qe3 Rc8 33. Kg2 Qc7 34. Qe1
Rg8 35. Qd1 Qc6 36. Qb3 Nd2 37. Qb4+ Ke8 38. b3 Nc4 39. Kf2 Nd2 40. Ke2 Ne4 41.
Kf3 Nd2+ 42. Kg4 Nc4 43. Rh2 Kd7 44. a4 bxa4 45. bxc4 dxc4 46. Be2 Qe4 47. Rf2
Bc6 48. Kg3 Qh1 49. Qd6+ Kc8 50. Bf3 Bxf3 51. Rxf3 Rh8 52. Qc6+ 1-0

[Event "BL 8283 Delmenhorst-Bamberg"]
[Site "?"]
[Date "1983.??.??"]
[Round "?.2"]
[White "Meyer, CD."]
[Black "Backwinkel, P."]
[Result "1-0"]
[WhiteElo "2365"]
[BlackElo "2305"]
[PlyCount "59"]
[EventDate "1983.??.??"]

1. e4 g6 2. d4 Bg7 3. Nc3 d6 4. Be3 a6 5. a4 b6 6. Nf3 Bb7 7. Bd3 Nd7 8. Qd2 c5
9. d5 Ngf6 10. Bh6 Bxh6 11. Qxh6 b5 12. axb5 axb5 13. O-O c4 14. Be2 b4 15.
Rxa8 Bxa8 16. Nb5 Nxe4 17. Bxc4 Ndf6 18. Ra1 Bb7 19. Nbd4 Qb6 20. Qg7 Rg8 21.
Bb5+ Kd8 22. Qxf7 Bxd5 23. Ne6+ Bxe6 24. Qxe6 Kc7 25. Qxe7+ Kb8 26. Nd4 Rc8 27.
Bc6 Rxc6 28. Nxc6+ Qxc6 29. Qd8+ Kb7 30. Qa8+ 1-0

[Event "BL 8283 Delmenhorst-Bamberg"]
[Site "?"]
[Date "1983.??.??"]
[Round "?.6"]
[White "Dornieden, M."]
[Black "Ruehrig, V."]
[Result "0-1"]
[WhiteElo "2325"]
[BlackElo "2300"]
[PlyCount "72"]
[EventDate "1983.??.??"]

1. Nf3 c5 2. c4 Nc6 3. d4 cxd4 4. Nxd4 g6 5. g3 Bg7 6. Nxc6 bxc6 7. Bg2 Rb8 8.
O-O Qb6 9. Nc3 Ba6 10. Be3 Qa5 11. Bd4 Nf6 12. Ne4 Bxc4 13. Bxf6 Bxf6 14. Nxf6+
exf6 15. Qd4 Be6 16. Qxf6 O-O 17. b3 Qd2 18. Bf3 Rb5 19. Rfd1 Qb4 20. Rac1 a5
21. Qa1 Qa3 22. Rd4 Rb4 23. Rcd1 Rfb8 24. h4 h5 25. Rd6 a4 26. bxa4 Rb2 27. Qc1
Rxa2 28. Qf4 Qxa4 29. R1d4 Qb3 30. Qf6 Qb1+ 31. Rd1 Qf5 32. Qc3 Rb1 33. Rxb1
Qxb1+ 34. Kh2 Qf1 35. Qd4 c5 36. Qxc5 Qh3+ 0-1

[Event "BL 8283 Enger-Erlangen"]
[Site "?"]
[Date "1983.??.??"]
[Round "?.1"]
[White "Feustel, B."]
[Black "Gruen, G."]
[Result "1-0"]
[WhiteElo "2360"]
[BlackElo "2285"]
[PlyCount "123"]
[EventDate "1983.??.??"]

1. Nf3 Nf6 2. c4 b6 3. g3 Bb7 4. Bg2 e6 5. O-O Be7 6. b3 O-O 7. Bb2 d5 8. d3 c5
9. e3 Nc6 10. Qe2 Qc7 11. Nbd2 Rad8 12. Rfd1 e5 13. cxd5 Nxd5 14. Nc4 Bf6 15.
Rac1 Rfe8 16. a3 Qe7 17. Qc2 g6 18. Qb1 Bg7 19. Re1 Qd7 20. Qa1 f6 21. Rcd1 Kh8
22. h4 Nc7 23. e4 Nb5 24. Ne3 Nbd4 25. b4 Nxf3+ 26. Bxf3 Nd4 27. Bg4 f5 28.
exf5 Qc6 29. Kh2 gxf5 30. b5 Qxb5 31. Bxd4 fxg4 32. Bc3 Qc6 33. Rd2 Rd4 34. Rg1
Bh6 35. Qd1 Qf3 36. Re2 Rd7 37. Nxg4 Bg7 38. Rxe5 Rxe5 39. Qxf3 Bxf3 40. Nxe5
Bxe5 41. Bxe5+ Kg8 42. Bb8 a6 43. Rb1 b5 44. Rc1 Rxd3 45. Rxc5 Rxa3 46. Bd6 Rb3
47. g4 a5 48. Kg3 Bd5+ 49. Kf4 Bc4 50. Rc7 Rd3 51. Be5 a4 52. Rg7+ Kf8 53. Rxh7
Bd5 54. h5 Rf3+ 55. Kg5 Rxf2 56. Rd7 Be4 57. Bd6+ Kg8 58. h6 Rd2 59. Rg7+ Kh8
60. Be5 Rd5 61. Kf4 Bb1 62. Ba1 1-0

[Event "BL 8283 Enger-Erlangen"]
[Site "?"]
[Date "1983.??.??"]
[Round "?.2"]
[White "Fleck, J."]
[Black "Heidrich, M."]
[Result "1/2-1/2"]
[WhiteElo "2365"]
[BlackElo "2225"]
[PlyCount "71"]
[EventDate "1983.??.??"]

1. e4 c5 2. Nf3 Nc6 3. Nc3 e5 4. Bc4 Be7 5. d3 Nf6 6. O-O O-O 7. Bg5 d6 8. Re1
Be6 9. Bxf6 Bxf6 10. Nd5 g6 11. c3 Bg7 12. a3 Ne7 13. Qb3 Nxd5 14. Bxd5 Qe7 15.
a4 Bh6 16. Re2 Rab8 17. Nd2 Bxd2 18. Rxd2 Bxd5 19. Qxd5 Qe6 20. Qxe6 fxe6 21.
d4 cxd4 22. cxd4 Rbc8 23. Rad1 exd4 24. Rxd4 Rc2 25. f3 d5 26. exd5 exd5 27.
R1d2 Rxd2 28. Rxd2 Rc8 29. Rxd5 Rc1+ 30. Kf2 Rc2+ 31. Kg3 Rxb2 32. h4 Rb4 33.
Rd7 a5 34. Kh3 b6 35. Rb7 h5 36. g4 1/2-1/2

[Event "BL 8283 Enger-Erlangen"]
[Site "?"]
[Date "1983.??.??"]
[Round "?.8"]
[White "Groenegress, W."]
[Black "Stoll, J."]
[Result "1-0"]
[WhiteElo "2210"]
[BlackElo "2225"]
[PlyCount "123"]
[EventDate "1983.??.??"]

1. e4 c5 2. g3 d5 3. exd5 Qxd5 4. Nf3 g6 5. Nc3 Qe6+ 6. Ne2 Nc6 7. Bg2 Bg7 8.
O-O Qd6 9. d3 Bd7 10. Nc3 e5 11. Nb5 Qb8 12. Be3 Nd4 13. Nbxd4 cxd4 14. Bd2 Ne7
15. Bb4 Qc7 16. Nd2 Bc6 17. Nc4 Bxg2 18. Nd6+ Kd7 19. Kxg2 Qc6+ 20. Kg1 a5 21.
Ba3 b5 22. Nxf7 b4 23. Nxh8 Rxh8 24. Bxb4 axb4 25. a3 bxa3 26. Rxa3 Ra8 27.
Rxa8 Qxa8 28. c3 Ke8 29. cxd4 exd4 30. Re1 Bf6 31. Qb3 Kf8 32. Qe6 Kg7 33. Qd7
Kf7 34. b4 Qf3 35. b5 Qxd3 36. b6 Qb3 37. b7 d3 38. Qe6+ Qxe6 39. Rxe6 d2 40.
Rd6 Be5 41. Rxd2 Ke8 42. f4 Bc7 43. Kg2 Nc6 44. Kf3 Nd8 45. Rb2 Bb8 46. Rc2 Kd7
47. Rc8 Nc6 48. g4 Bd6 49. Ke4 h5 50. gxh5 gxh5 51. h3 h4 52. Kf3 Nb8 53. Kg4
Bc7 54. f5 Kc6 55. Kxh4 Kxb7 56. Re8 Nd7 57. Kg5 Be5 58. Re6 Kc7 59. h4 Bd6 60.
h5 Nf8 61. Re2 Kd7 62. Kf6 1-0

[Event "BL 8283 Bamberg-Enger"]
[Site "?"]
[Date "1983.??.??"]
[Round "?.1"]
[White "Gruen, G."]
[Black "Hartmann, Wo"]
[Result "0-1"]
[WhiteElo "2285"]
[BlackElo "2275"]
[PlyCount "80"]
[EventDate "1983.??.??"]

1. d4 Nf6 2. Nf3 e6 3. c4 Bb4+ 4. Bd2 a5 5. g3 d5 6. Qc2 Nc6 7. a3 Be7 8. Bg2
Ne4 9. O-O O-O 10. Rd1 a4 11. Be1 Na5 12. Nfd2 Nxd2 13. Nxd2 dxc4 14. Nxc4 Nb3
15. Rab1 Nxd4 16. Qe4 e5 17. Qxe5 Bf6 18. Qc5 Nxe2+ 19. Kf1 Nd4 20. Bc3 Bf5 21.
Rbc1 b6 22. Qd5 Qxd5 23. Bxd5 Bh3+ 24. Bg2 Bxg2+ 25. Kxg2 Ne2 26. Rc2 Nxc3 27.
bxc3 Rad8 28. Rxd8 Rxd8 29. Ne3 Rd3 30. c4 c6 31. Ra2 g6 32. h4 h5 33. Kf3 Be7
34. Ke4 Rxa3 35. Rd2 Bc5 36. Rd7 Rc3 37. Ng2 Bxf2 38. Ke5 Bxg3+ 39. Kf6 Rf3+
40. Kg5 Kg7 0-1

[Event "BL 8283 Bamberg-Enger"]
[Site "?"]
[Date "1983.??.??"]
[Round "?.2"]
[White "Backwinkel, P."]
[Black "Fleck, J."]
[Result "0-1"]
[WhiteElo "2305"]
[BlackElo "2365"]
[PlyCount "82"]
[EventDate "1983.??.??"]

1. d4 f5 2. Nc3 d5 3. Bg5 g6 4. e3 Bg7 5. h4 c6 6. Nf3 Qb6 7. Na4 Qa5+ 8. c3
Nf6 9. b4 Qd8 10. h5 Nxh5 11. Nc5 b6 12. Nd3 Nd7 13. Nf4 Nxf4 14. exf4 Nf6 15.
Bh6 Bxh6 16. Rxh6 Qd6 17. g3 Qe6+ 18. Be2 Ba6 19. Ng5 Qxe2+ 20. Qxe2 Bxe2 21.
Kxe2 a5 22. a4 Ne4 23. Nxe4 fxe4 24. f5 Kf7 25. fxg6+ hxg6 26. Rxh8 Rxh8 27.
bxa5 bxa5 28. Rb1 Ke6 29. Rb6 Kd6 30. Ra6 Rb8 31. Rxa5 Rb2+ 32. Ke3 Rc2 33. Ra8
Rxc3+ 34. Ke2 Rd3 35. a5 Rxd4 36. a6 Ra4 37. a7 Ke5 38. Kd2 Kd4 39. Kc2 c5 40.
Kb3 Ra6 41. g4 g5 0-1

[Event "BL 8283 Bamberg-Enger"]
[Site "?"]
[Date "1983.??.??"]
[Round "?.3"]
[White "Kunsztowicz, U."]
[Black "Kestler, H."]
[Result "1/2-1/2"]
[WhiteElo "2350"]
[BlackElo "2395"]
[PlyCount "48"]
[EventDate "1983.??.??"]

1. d4 Nf6 2. c4 e6 3. g3 c5 4. d5 exd5 5. cxd5 d6 6. Nc3 g6 7. Bg2 Bg7 8. Nf3
O-O 9. O-O Re8 10. Nd2 a6 11. a4 Nbd7 12. Nc4 Nb6 13. Na3 Bd7 14. Qb3 Rb8 15.
a5 Nc8 16. Nc4 Qc7 17. Nb6 Nxb6 18. axb6 Qd8 19. Bf4 Bf5 20. Ra4 Qe7 21. h3
Rbd8 22. Re1 Bc8 23. Kh2 Qf8 24. Bg5 h6 1/2-1/2

[Event "BL 8283 Bamberg-Enger"]
[Site "?"]
[Date "1983.??.??"]
[Round "?.4"]
[White "Bartsch, B."]
[Black "Clemens, C."]
[Result "1-0"]
[WhiteElo "2265"]
[BlackElo "2380"]
[PlyCount "55"]
[EventDate "1983.??.??"]

1. e4 c5 2. Nc3 e6 3. g3 d5 4. Bg2 Nf6 5. exd5 exd5 6. d4 cxd4 7. Qxd4 Nc6 8.
Qa4 d4 9. Nce2 Bd7 10. Qb3 Bb4+ 11. c3 Ba5 12. Nf3 dxc3 13. Nxc3 Qe7+ 14. Be3
Be6 15. Qa4 Nd5 16. O-O Bxc3 17. bxc3 Nxc3 18. Qc2 Nd5 19. Bc5 Qc7 20. Rac1 a6
21. Qb2 Rg8 22. Nd4 Nxd4 23. Bxd4 Qd7 24. Rfe1 g5 25. Rcd1 Rc8 26. Bf6 Kf8 27.
Rxd5 Bxd5 28. Qa3+ 1-0

[Event "BL 8283 Bamberg-Enger"]
[Site "?"]
[Date "1983.??.??"]
[Round "?.7"]
[White "Markmann, U."]
[Black "Schlaugat, M."]
[Result "1/2-1/2"]
[WhiteElo "2225"]
[BlackElo "2235"]
[PlyCount "71"]
[EventDate "1983.??.??"]

1. e4 c6 2. c4 e5 3. Nc3 d6 4. Nf3 Nd7 5. d4 g6 6. Be2 Bg7 7. Be3 Nh6 8. h3 f6
9. dxe5 dxe5 10. O-O Qe7 11. Qd2 Nf7 12. Rfd1 O-O 13. Ne1 Rd8 14. Qc2 Bh6 15.
Bxh6 Nxh6 16. Nd3 Nf8 17. Rd2 Ne6 18. Rad1 Nf7 19. Qc1 Rd4 20. b3 Nfg5 21. f3
Bd7 22. Bf1 Be8 23. Ne2 Rd7 24. c5 Rad8 25. b4 Nd4 26. Nxd4 Rxd4 27. Nb2 Ne6
28. Bc4 Bf7 29. Bxe6 Qxe6 30. Rxd4 Rxd4 31. Rxd4 exd4 32. Qd2 Qxa2 33. Qxd4 Kg7
34. Kf2 b6 35. cxb6 axb6 36. e5 1/2-1/2

[Event "BL 8283 Bamberg-Enger"]
[Site "?"]
[Date "1983.??.??"]
[Round "?.8"]
[White "Treppner, G."]
[Black "Groenegress, W."]
[Result "1/2-1/2"]
[WhiteElo "2310"]
[BlackElo "2210"]
[PlyCount "32"]
[EventDate "1983.??.??"]

1. Nf3 Nf6 2. c4 e6 3. Nc3 d5 4. d4 Be7 5. Bg5 h6 6. Bh4 O-O 7. e3 b6 8. Qc2
Bb7 9. Bxf6 Bxf6 10. cxd5 exd5 11. O-O-O Nd7 12. g4 g6 13. h4 Bg7 14. h5 g5 15.
Qf5 Nf6 16. Ne5 Qc8 1/2-1/2

[Event "BL 8283 HSK-Porz"]
[Site "?"]
[Date "1983.??.??"]
[Round "?.2"]
[White "Chandler, M."]
[Black "Marian, R."]
[Result "1-0"]
[WhiteElo "2505"]
[BlackElo "2325"]
[PlyCount "87"]
[EventDate "1983.??.??"]

1. e4 c5 2. Nf3 d6 3. d4 cxd4 4. Nxd4 Nf6 5. Nc3 a6 6. Be2 e5 7. Nb3 Be7 8. O-O
Nbd7 9. a4 b6 10. Bc4 Bb7 11. Qe2 O-O 12. Rd1 h6 13. Rd3 Qc7 14. Rg3 Rfc8 15.
Bd3 Kf8 16. Be3 Nc5 17. Nxc5 dxc5 18. Bc4 Rd8 19. Re1 Bc6 20. Bxa6 Nxe4 21.
Nxe4 Bxe4 22. Bc4 Bd5 23. Bxd5 Rxd5 24. Qg4 g6 25. Qf3 Qc6 26. Bxh6+ Kg8 27. b3
Rad8 28. h3 Qd7 29. Qe2 Kh7 30. Bg5 f6 31. Be3 f5 32. Bg5 Bxg5 33. Rxg5 e4 34.
g4 Qe7 35. h4 Rd2 36. Qe3 fxg4 37. Rxg4 Rd1 38. Rxe4 Rxe1+ 39. Qxe1 Qf6 40.
Re7+ Kh8 41. Qe3 Rd1+ 42. Kg2 Qc6+ 43. f3 Qf6 44. Qh6+ 1-0

[Event "BL 8283 HSK-Porz"]
[Site "?"]
[Date "1983.??.??"]
[Round "?.3"]
[White "Schmidt, B."]
[Black "Reefschlaeger, H."]
[Result "0-1"]
[WhiteElo "2355"]
[BlackElo "2380"]
[PlyCount "72"]
[EventDate "1983.??.??"]

1. d4 Nf6 2. Nf3 d5 3. c4 dxc4 4. e3 Bg4 5. Bxc4 e6 6. O-O Nbd7 7. Be2 Bd6 8.
Nbd2 O-O 9. Nc4 Be7 10. b3 Nd5 11. Bb2 Bf6 12. Rc1 c5 13. Ba3 b6 14. Nfe5 Bxe2
15. Qxe2 Bxe5 16. Nxe5 Nxe5 17. dxe5 a5 18. Rfd1 Qb8 19. Bb2 a4 20. e4 Ne7 21.
b4 cxb4 22. Qb5 b3 23. Ba3 Ra5 24. Qb4 Ng6 25. Rd6 Rxe5 26. Rxb6 Qa8 27. Rb7
bxa2 28. Bb2 Qa5 29. Bxe5 Qxe5 30. Qxa4 Nf4 31. Kf1 Nd3 32. Rbc7 Qxh2 33. Ke2
Nxc1+ 34. Rxc1 Qxg2 35. Rc2 a1=Q 36. Qxa1 Qxe4+ 0-1

[Event "BL 8283 HSK-Porz"]
[Site "?"]
[Date "1983.??.??"]
[Round "?.4"]
[White "Gruenberg, Ra"]
[Black "Ostermeyer, P."]
[Result "0-1"]
[WhiteElo "2315"]
[BlackElo "2435"]
[PlyCount "40"]
[EventDate "1983.??.??"]

1. c4 e5 2. Nc3 Nf6 3. Nf3 Nc6 4. e3 Bb4 5. Qc2 O-O 6. Nd5 a5 7. a3 Bc5 8. Ng5
g6 9. h4 d6 10. Nxf6+ Qxf6 11. b3 Re8 12. Bb2 Nd4 13. Qc3 Bf5 14. O-O-O h6 15.
exd4 Bxd4 16. Qg3 e4 17. Bxd4 Qxd4 18. Qe3 Qa1+ 19. Kc2 Qa2+ 20. Kc3 a4 0-1

[Event "BL 8283 HSK-Porz"]
[Site "?"]
[Date "1983.??.??"]
[Round "?.5"]
[White "Gerusel, M."]
[Black "Jacoby, G."]
[Result "1-0"]
[WhiteElo "2390"]
[BlackElo "2270"]
[PlyCount "89"]
[EventDate "1983.??.??"]

1. Nf3 c5 2. g3 g6 3. Bg2 Bg7 4. O-O Nc6 5. c4 e5 6. Nc3 Nge7 7. d3 O-O 8. Ng5
d6 9. Nd5 Nxd5 10. cxd5 Nd4 11. Nh3 b5 12. e3 Nf5 13. a4 bxa4 14. Qxa4 a5 15.
Bd2 Bd7 16. Qc2 a4 17. Kh1 Qb6 18. Bc3 Rfc8 19. Ng5 Nd4 20. Qd1 Nb3 21. Rb1 h6
22. Ne4 Bb5 23. f4 f5 24. Nf2 c4 25. fxe5 dxe5 26. d6 cxd3 27. Bd5+ Kh7 28. e4
Nc5 29. exf5 Qxd6 30. fxg6+ Kh8 31. Bg2 Qxg6 32. Ng4 Nd7 33. Ne3 Rf8 34. Bxa8
Rxa8 35. Qg4 Qb6 36. Rf7 Rg8 37. Ng2 Nf6 38. Qb4 Re8 39. Rxf6 Qxf6 40. Qxb5 Qf5
41. Re1 Rd8 42. Ne3 Qe4+ 43. Ng2 Qd5 44. Qxa4 d2 45. Rd1 1-0

[Event "BL 8283 HSK-Porz"]
[Site "?"]
[Date "1983.??.??"]
[Round "?.6"]
[White "Hess, C."]
[Black "Dankert, P."]
[Result "1/2-1/2"]
[WhiteElo "2235"]
[BlackElo "2380"]
[PlyCount "69"]
[EventDate "1983.??.??"]

1. d4 Nf6 2. c4 e6 3. Nf3 b6 4. g3 Ba6 5. Qa4 c5 6. Bg2 Qc8 7. Nc3 Nc6 8. d5
Na5 9. Nd2 Rb8 10. Nb5 Bxb5 11. Qxb5 Be7 12. O-O O-O 13. Nb3 Nb7 14. Qa4 exd5
15. cxd5 Nd6 16. e4 b5 17. Qxa7 Nfxe4 18. Bxe4 Nxe4 19. Re1 f5 20. Bf4 Rb7 21.
Qa5 Bd8 22. Qa6 c4 23. Rac1 Rf6 24. Qa3 Bb6 25. Be3 Qd8 26. Nd2 Ra7 27. Nxe4
Rxa3 28. Nxf6+ Qxf6 29. bxa3 Bxe3 30. Rxe3 Qd4 31. Rec3 Qxd5 32. a4 bxa4 33.
Rxc4 a3 34. h4 Kf7 35. R1c2 1/2-1/2

[Event "BL 8283 HSK-Porz"]
[Site "?"]
[Date "1983.??.??"]
[Round "?.7"]
[White "Sigurjonsson, G."]
[Black "Zieher, H."]
[Result "1/2-1/2"]
[WhiteElo "2470"]
[BlackElo "2260"]
[PlyCount "101"]
[EventDate "1983.??.??"]

1. e4 e5 2. Nf3 Nc6 3. Bb5 a6 4. Ba4 Nf6 5. O-O Be7 6. Re1 b5 7. Bb3 d6 8. c3
O-O 9. h3 Nb8 10. d4 Nbd7 11. Nbd2 Bb7 12. Bc2 c5 13. d5 g6 14. Nf1 Nh5 15. Bh6
Ng7 16. Ng3 Kh8 17. b3 Nf6 18. a4 Ng8 19. Bxg7+ Kxg7 20. Qe2 Qb6 21. Bd3 Rab8
22. Ra2 Bc8 23. axb5 axb5 24. Rea1 Bd7 25. Ra6 Qc7 26. R1a5 Bc8 27. Ra7 Rb7 28.
Qa2 Rxa7 29. Rxa7 Qb6 30. Ra5 Bd7 31. Ra6 Qb8 32. Ra7 Bc8 33. Ra8 Qb7 34. Qa7
b4 35. Qxb7 Bxb7 36. Rxf8 Kxf8 37. cxb4 cxb4 38. Ne1 f5 39. Nc2 fxe4 40. Bxe4
Bh4 41. Nf1 Nf6 42. f3 Bxd5 43. Bxd5 Nxd5 44. Nfe3 Nxe3 45. Nxe3 Kf7 46. Nd5
Be1 47. Kf1 Ke6 48. Nc7+ Kd7 49. Nd5 Ke6 50. Nc7+ Kd7 51. Nd5 1/2-1/2

[Event "BL 8283 Lasker-Markth'feld"]
[Site "?"]
[Date "1983.??.??"]
[Round "?.1"]
[White "Goehring, K."]
[Black "Wockenfuss, K."]
[Result "1/2-1/2"]
[WhiteElo "2365"]
[BlackElo "2390"]
[PlyCount "69"]
[EventDate "1983.??.??"]

1. d4 Nf6 2. c4 d6 3. Nf3 Nbd7 4. Nc3 e5 5. e4 Be7 6. Be2 O-O 7. O-O c6 8. Re1
a6 9. Rb1 Re8 10. b4 b5 11. a4 bxa4 12. Qxa4 Bb7 13. Bf1 Bf8 14. d5 cxd5 15.
cxd5 a5 16. Bb5 axb4 17. Qxb4 Ba6 18. Bc6 Rb8 19. Qa3 Rxb1 20. Nxb1 Bc8 21. Nc3
Be7 22. Qa7 Rf8 23. Ba3 Ne8 24. Bb4 Qb6 25. Qxb6 Nxb6 26. Ra1 f5 27. Ra7 Bf6
28. Bxe8 Rxe8 29. Bxd6 fxe4 30. Nxe4 Nxd5 31. Ra8 Nb6 32. Rb8 Nc4 33. Bc7 Bd7
34. Rxe8+ Bxe8 35. Nd6 1/2-1/2

[Event "BL 8283 Lasker-Markth'feld"]
[Site "?"]
[Date "1983.??.??"]
[Round "?.3"]
[White "Riefner, E."]
[Black "Grzesik, T."]
[Result "1/2-1/2"]
[WhiteElo "2245"]
[BlackElo "2330"]
[PlyCount "53"]
[EventDate "1983.??.??"]

1. e4 e5 2. Nf3 Nc6 3. Bb5 Bc5 4. O-O Nf6 5. Nxe5 Nxe4 6. Qe1 Nxe5 7. Qxe4 Qe7
8. d4 Nc6 9. Qxe7+ Bxe7 10. c3 O-O 11. Bf4 d6 12. Re1 Bf6 13. Nd2 Bf5 14. Ne4
Bxe4 15. Rxe4 a6 16. Bd3 Rfe8 17. Rae1 Rxe4 18. Rxe4 Kf8 19. f3 h6 20. Kf2 Rb8
21. Re2 b5 22. a3 a5 23. b4 a4 24. Rc2 Ne7 25. Be4 Ke8 26. Be3 c6 27. g3
1/2-1/2

[Event "BL 8283 Lasker-Markth'feld"]
[Site "?"]
[Date "1983.??.??"]
[Round "?.5"]
[White "Meinberger, L."]
[Black "Fette, M."]
[Result "0-1"]
[WhiteElo "2240"]
[BlackElo "2270"]
[PlyCount "66"]
[EventDate "1983.??.??"]

1. e4 c6 2. d3 d5 3. Nd2 Qc7 4. g3 Nf6 5. Bg2 g6 6. Ngf3 e5 7. O-O Bg7 8. exd5
Nxd5 9. d4 Bg4 10. dxe5 Nd7 11. e6 fxe6 12. h3 Bxf3 13. Nxf3 O-O-O 14. Qe2 Nc5
15. Rb1 e5 16. Bg5 Rd7 17. c4 Ne7 18. b4 Ne6 19. Rfe1 Nf5 20. Be3 e4 21. Ng5
Nxg5 22. Bxg5 e3 23. Bf4 exf2+ 24. Qxf2 Qd8 25. Be5 Bxe5 26. Rxe5 Rd2 27. Qxa7
Nxg3 28. b5 Qd3 29. Rbe1 Nf5 30. bxc6 Rxg2+ 31. Kxg2 Qg3+ 32. Kf1 Qf3+ 33. Qf2
Ng3+ 0-1